000 01115cam a22003251i 4500
001 14419191
003 EG-ScBUE
005 20250518090854.0
008 060619t2007 flua f b 001 0 eng d
020 _a0849397790 (alk. paper)
020 _a9780849397790
040 _aEG-ScBUE
_beng
_erda
_cEG-ScBUE
_dEG-ScBUE
082 0 4 _a531
_222
_bDIL
100 1 _aDill, Ellis Harold,
_d1932-
_eauthor.
245 1 0 _aContinuum mechanics :
_belasticity, plasticity, viscoelasticity /
_cEllis H. Dill.
264 1 _aBoca Raton, Florida :
_bCRC/Taylor & Francis,
_c[2007]
264 4 _cc2007
300 _a352 pages :
_billustrations ;
_c24 cm
336 _2rdacontent
_atext
_btxt
337 _aunmediated
_2rdamedia
_bn
338 _avolume
_bnc
_2rdacarrier
504 _aIncludes bibliographical references and index.
650 7 _aContinuum mechanics.
_2BUEsh
650 7 _aElasticity.
_2BUEsh
650 7 _aPlasticity.
_2BUEsh
650 0 _aViscoelasticity.
_2BUEsh
655 _vReading book
856 4 2 _3Publisher description
_uhttp://www.loc.gov/catdir/enhancements/fy0701/2006048958-d.html
942 _2ddc
_cBB
999 _c10570
_d10570